000 00895nas a2200289 4500
001 BR0802972
003 BR-BrBNA
005 20231205112129.0
007 ta
008 230509b bl.|||p| |||| 00| 00por d
040 _aBR-BrBNA
_bpor
_cBiblioteca Nacional de Agricultura
041 _a(Pt)
072 _aL20; L60
100 1 _aSouza, J.M. de
100 1 _aGondim Júnior, M.G.C.
100 1 _aBarros, R.
100 1 _aOliveira, J.V. de
245 1 _aÁcaros em produtos armazenados comercializados em supermercados e feiras livres da cidade de Recife
650 _aÁCARO
650 _aGRÃO
650 _aARMAZENAMENTO DE ALIMENTO
650 _aDISTRIBUIÇÃO GEOGRÁFICA
650 _aRECIFE
773 0 _tNeotropical Entomology (Brazil)
_xISSN 1519-566X
_g(Mar-Apr 2005), v. 34(2) p. 303-309
_wBR0802972
909 _a202311
_bLúcia
_c55
_dLúcia Elande
942 _2AGRIS
_n0
_cANA
999 _c196247
_d196247